[Event "Dubrovnik Advent op"]
[Site "Dubrovnik"]
[Date "2023.12.01"]
[Round "2"]
[White "Pastar, Slaven"]
[Black "Hadzic, Sabahet"]
[Result "1-0"]
[WhiteElo "2357"]
[BlackElo "2004"]
[PlyCount "77"]
[EventDate "2023.12.01"]
[EventType "swiss"]
[EventRounds "6"]
[EventCountry "CRO"]
[SourceTitle "CB49_2023"]
[SourceDate "2023.12.06"]
[SourceVersion "1"]
[SourceVersionDate "2023.12.06"]
[SourceQuality "1"]

1. b3 d5 2. Bb2 Nf6 3. Nf3 g6 4. c4 c6 5. g3 Bg7 6. Bg2 0-0 7. 0-0 Bg4 8. d3 Bxf3 9. Bxf3 Nbd7 10. Bg2 a6 11. Nd2 Re8 12. Rc1 Rc8 13. Qc2 e6 14. Qb1 Nh5 15. b4 Bxb2 16. Qxb2 Nhf6 17. e4 b5 18. e5 Ng4 19. Nf3 bxc4 20. dxc4 Rb8 21. h3 Nh6 22. g4 Qb6 23. a3 a5 24. Qd2 Kg7 25. bxa5 Qa6 26. cxd5 cxd5 27. Rc7 Rb7 28. Rfc1 Reb8 29. Bf1 Qa7 30. Rxb7 Rxb7 31. a6 Rb3 32. Qd4 Qxd4 33. Nxd4 Rxa3 34. Rc7 Nxe5 35. g5 Ng8 36. Nxe6+ Kh8 37. Nd4 f6 38. gxf6 Nxf6 39. a7 1-0

[Event "BIH-chT1A 22nd"]
[Site "Tuzla"]
[Date "2015.10.20"]
[Round "7.2"]
[White "Hadzic, Latif"]
[Black "Hadzic, Sabahet"]
[Result "1-0"]
[WhiteElo "2047"]
[BlackElo "1950"]
[PlyCount "107"]
[EventDate "2015.10.16"]
[EventType "tourn"]
[EventRounds "9"]
[EventCountry "BIH"]
[SourceTitle "CBM 169 Extra"]
[Source "ChessBase"]
[SourceDate "2015.12.18"]
[SourceVersion "1"]
[SourceVersionDate "2015.12.18"]
[SourceQuality "1"]

1. e4 e6 2. d4 d5 3. Nc3 Nf6 4. Bg5 Bb4 5. e5 h6 6. Bd2 Nfd7 7. a3 Be7 8. f4 c5 9. Nf3 Nc6 10. Ne2 cxd4 11. Nexd4 Qb6 12. c3 a6 13. b4 Nxd4 14. cxd4 Nb8 15. Bd3 Bd7 16. 0-0 Bb5 17. Be3 Bxd3 18. Qxd3 0-0 19. f5 exf5 20. Qxf5 Qg6 21. Qh3 Qe6 22. Qg3 Nd7 23. Rac1 Rac8 24. h3 Nb6 25. Nd2 Rxc1 26. Rxc1 Rc8 27. Rxc8+ Nxc8 28. Nb3 b6 29. Nc1 Na7 30. Nd3 Nb5 31. Nf4 Nc3 32. Nxe6 Ne2+ 33. Kf2 Nxg3 34. Nc7 Ne4+ 35. Ke2 Nc3+ 36. Kd3 Nb5 37. Nxd5 Bd8 38. a4 Na7 39. Nf4 g5 40. Ne2 Nc6 41. Bd2 f5 42. Bc3 Bc7 43. Ng3 Ne7 44. Kc4 f4 45. Ne4 Nf5 46. d5 Ne3+ 47. Kd4 Nxg2 48. d6 Bd8 49. Kd5 f3 50. Ke6 h5 51. Kd7 g4 52. hxg4 h4 53. e6 h3 54. e7 1-0